Digital communications (Record no. 956)

000 -LEADER
fixed length control field 00508nam a2200205 a 4500
001 - CONTROL NUMBER
control field 956
003 - CONTROL NUMBER IDENTIFIER
control field BD-DhUET
008 - FIXED-LENGTH DATA ELEMENTS--GENERAL INFORMATION
fixed length control field 860516s1986 inua b 001 0 eng
020 ## - INTERNATIONAL STANDARD BOOK NUMBER
International Standard Book Number 0071181830
040 ## - CATALOGING SOURCE
Original cataloging agency DLC
Transcribing agency DLC
Modifying agency BD-DhUET
082 00 - DEWEY DECIMAL CLASSIFICATION NUMBER
Classification number 623.8
Item number PRO/2001
100 ## - MAIN ENTRY--PERSONAL NAME
Personal name Proakis, John G.
245 00 - TITLE STATEMENT
Title Digital communications
250 ## - EDITION STATEMENT
Edition statement 4th ed.
260 ## - PUBLICATION, DISTRIBUTION, ETC. (IMPRINT)
Place of publication, distribution, etc. Boston
Name of publisher, distributor, etc. McGraw-Hill
Date of publication, distribution, etc. 2001
300 ## - PHYSICAL DESCRIPTION
Extent xxi,1002p..
504 ## - BIBLIOGRAPHY, ETC. NOTE
Bibliography, etc Includes bibliographies

650 #0 - SUBJECT ADDED ENTRY--TOPICAL TERM
Topical term or geographic name as entry element Digital communications.
942 ## - ADDED ENTRY ELEMENTS (KOHA)
Koha item type General Book
Holdings
Lost status Withdrawn status Sublocation or collection (holding branch) Koha date last borrowed Location (home branch) Source of classification or shelving scheme Koha date last seen Koha item type Copy number Price effective from Koha normalized classification for sorting Damaged status Not for loan Date acquired Koha full call number Shelving location Piece designation (barcode) Koha issues (times borrowed)
  Central Library, BUET Central Library, BUET 2014-08-26General Book12014-08-26623_000000000000000_8PRO2001  2014-08-26623.8/PRO/2001Circulation section103342 
  Central Library, BUET Central Library, BUET 2017-07-30General Book22014-08-26623_000000000000000_8PRO2001  2014-08-26623.8/PRO/2001Circulation section103344 
  Central Library, BUET Central Library, BUET 2015-06-08General Book32014-08-26623_000000000000000_8PRO2001  2014-08-26623.8/PRO/2001Circulation section103345 
  Central Library, BUET2015-05-20Central Library, BUET 2015-08-18General Book42014-08-26623_000000000000000_8PRO2001  2014-08-26623.8/PRO/2001Circulation section1033461
  Central Library, BUET Central Library, BUET 2014-08-26General Book52014-08-26623_000000000000000_8PRO2001  2014-08-26623.8/PRO/2001Circulation section103347 
  Central Library, BUET2018-08-06Central Library, BUET 2018-08-29General Book62014-08-26623_000000000000000_8PRO2001  2014-08-26623.8/PRO/2001Circulation section1033482
  Central Library, BUET2018-08-29Central Library, BUET 2018-09-11General Book72014-08-26623_000000000000000_8PRO2001  2014-08-26623.8/PRO/2001Circulation section1033491
  Central Library, BUET Central Library, BUET 2015-08-16General Book82014-08-26623_000000000000000_8PRO2001  2014-08-26623.8/PRO/2001Circulation section103350 
  Central Library, BUET Central Library, BUET 2015-03-01General Book92014-08-26623_000000000000000_8PRO2001  2014-08-26623.8/PRO/2001Circulation section107674 
  Central Library, BUET2018-08-28Central Library, BUET 2018-09-09General Book102017-05-16623_800000000000000_PRO_2001  2007-05-07623.8/PRO/2001Circulation section1033431